Mạng máy tính thực hành

Wedi'i Gadw mewn:
Manylion Llyfryddiaeth
Prif Awdur: Lê Trường An
Fformat: Llyfr
Iaith:Undetermined
Cyhoeddwyd: H. Thống kê 2002
Pynciau:
Tagiau: Ychwanegu Tag
Dim Tagiau, Byddwch y cyntaf i dagio'r cofnod hwn!
Thư viện lưu trữ: Trung tâm Học liệu Trường Đại học Cần Thơ
LEADER 00517nam a2200181Ia 4500
001 CTU_53744
008 210402s9999 xx 000 0 und d
020 |b 34000 
082 |a 004.65 
082 |b A105 
100 |a Lê Trường An 
245 0 |a Mạng máy tính thực hành 
245 0 |c Lê Trường An 
260 |a H. 
260 |b Thống kê 
260 |c 2002 
650 |a internet ( computer network ),client/server computing 
980 |a Trung tâm Học liệu Trường Đại học Cần Thơ